| 000 | 00783nam a2200289Ia 4500 | ||
|---|---|---|---|
| 008 | 170203s9999 xx 000 0 und d | ||
| 020 | _a9780060724887 | ||
| 050 | _aFic | ||
| 050 | _bT941m | ||
| 100 | _aNewberry, Clare Turlay. | ||
| 245 | _aMarshmallow / | ||
| 245 | _cstory and pictures by Clare Turlay Newberry. | ||
| 250 | _arevised edition. | ||
| 260 | _aNew York : | ||
| 260 | _bHarper, | ||
| 260 | _c2010 | ||
| 300 | _a1 volume (unpaged) : | ||
| 300 | _billustrations ; | ||
| 300 | _c22 x 25 cm | ||
| 500 | _aOriginally published: New York : HarperCollinsPublishers, 2008. | ||
| 650 | _aCats -- | ||
| 650 | _aFriendship -- | ||
| 650 | _aRabbits -- | ||
| 650 | _xJuvenile fiction. | ||
| 650 | _xJuvenile fiction. | ||
| 650 | _xJuvenile fiction. | ||
| 999 |
_c306624 _d306624 |
||